000 00717nam a2200229 a 4500
005 20140310183405.0
008 121011s19uu xx 00 eng d
020 _a9780761456612
050 _aF 1008.2
_b.P187 2009
100 _aPang, Guek-Cheng
245 _aCulture shock! :
_bCanada /
_cGuek-Cheng Pang, Robert Barlas.
250 _a6th ed.
260 _aTarrytown, NY :
_bMarshall Cavendish,
_c2009.
300 _a312 p. :
_bill. col. ;
_c21 cm.
440 _aCulture shock! : a survival guide to customs and etiquette
521 _aTOU
650 _aCanada
_xGuidebooks
650 _aCanada
_xSocial life and customs
_xGuidebooks
700 _aBarlas, Robert
942 _cBK
_2lcc
_kFOR
999 _c22387
_d22387